| 000 | 01217nam a2200301 i 4500 | ||
|---|---|---|---|
| 003 | EG-GICUC | ||
| 005 | 20260121101525.0 | ||
| 008 | 251218s1943 ua ||||fr|||| 00| 0 ara d | ||
| 040 |
_a EG-GICUC _bara _c EG-GICUC _d EG-GICUC _erda |
||
| 041 | _aara | ||
| 082 | 0 | 4 |
_221 _a343.623 _bم ح . ع |
| 092 | 0 | 4 | _221 |
| 099 | _aLaw1 10 343.623 م ح . ع 1943 | ||
| 100 | 0 |
_aمحمد فتحى _eمؤلف. |
|
| 245 | 1 | 0 |
_aعلم النفس الجنائى : _bعلما وعملا / _cمحمد فتحى. |
| 264 | 1 |
_aالقاهرة : _bمطبعة لجنة التأليف والترجمة والنشر، _c1943. |
|
| 300 |
_a435 ؛ صفحة _c24 سم. _bإيضاحيات، صور، مثيليات ؛ |
||
| 336 |
_2rda content _atext |
||
| 337 |
_2rda media _aComputer |
||
| 338 |
_2rda carrier _aOnline Resource |
||
| 504 | _aيحتوي على اراجاعات ببليوجرافية | ||
| 546 | _aالنص أغلبه باللغة العربية مع بعض النصوص الإنجليزية | ||
| 650 | 1 | 4 |
_aعلم النفس الجنائى. _2qrmak |
| 650 | 1 | 4 |
_aالإتجاة النفساني _2qrmak |
| 856 | 4 | 0 | _uhttps://fll.law.cu.edu.eg/fulltext/bks/B10-07150.pdf |
| 905 |
_a75 _eYara |
||
| 942 |
_2ddc _n0 _cBK _e21 |
||
| 999 |
_c51741 _d51741 |
||